Pallone d'oro 2025 - Statistics

Statistiche generali
  • Questo quiz è stato fatto 57 volte
  • Il punteggio medio è 18 su 30
Statistiche sulle risposte
Hint Risposta % Corretto
1 (1380 voti) Ousmane Dembélé
100%
2 (1059 voti) Lamine Yamal
94%
9 (172 voti) Gianluigi Donnarumma
92%
5 (620 voti) Raphinha
90%
7 (378 voti) Kylian Mbappé
86%
20 (37 voti) Lautaro Martinez
86%
26 (18 voti) Erling Haaland
84%
3 (703 voti) Vitinha
84%
6 (484 voti) Achraf Hakimi
78%
14 (74 voti) Désiré Doué
76%
4 (657 voti) Mohamed Salah
76%
17 (49 voti) Robert Lewandowski
76%
16 (51 voti) Vinícius Júnior
76%
11 (124 voti) Pedri
71%
23 (21 voti) Jude Bellingham
67%
10 (171 voti) Nuno Mendes
65%
18 (45 voti) Scott McTominay
57%
8 (211 voti) Cole Palmer
53%
12 (123 voti) Khvicha Kvaratskhelia
49%
28 (7 voti) Virgil Van Dijk
49%
25 (20 voti) Denzel Dumfries
47%
24 (20 voti) Fabián Ruiz
41%
19 (40 voti) João Neves
37%
29 (5 voti) Florian Wirtz
35%
27 (13 voti) Declan Rice
33%
30 (4 voti) Michael Olise
29%
15 (56 voti) Viktor Gyökeres
29%
13 (112 voti) Harry Kane
24%
21 (25 voti) Serhou Guirassy
18%
22 (21 voti) Alexis MacAllister
14%
Nessun quiz corrispondente trovato
Distribuzione punteggi
Percentuale di utenti per punteggio
Percentile per numero di risposta
I tuoi punteggi nel tempo
Non hai fatto questo quiz